书目信息 |
| 题名: |
对称性、轨道和光谱
|
|
| 作者: | 奥钦 , 雅费 , Jaffe , Orchin 著 ;朱维嘉 译 | |
| 分册: | ||
| 出版信息: | 北京 科学出版社 1982 |
|
| 页数: | 185页 | |
| 开本: | 19cm | |
| 丛书名: | ||
| 单 册: | ||
| 中图分类: | O641.1 | |
| 科图分类: | ||
| 主题词: | 对称 , 轨道 , 光谱 | |
| 电子资源: | ||
| ISBN: | ||
| 000 | 00834nam0 2200301 45 | |
| 001 | 0182005259 | |
| 005 | 20060727164301.64 | |
| 010 | @dCNY0.95 | |
| 091 | @a13031.2085 | |
| 100 | @a19950626d1982 em y0chiy0121 ea | |
| 101 | 1 | @achi |
| 102 | @aCN@b110000 | |
| 105 | @ay z 000yy | |
| 200 | 10 | @a对称性、轨道和光谱@Adui chen xing、 gui dao he guang pu@e补编@f( )奥钦(Orchin,M.), 雅费(Jaffe,H.H.)著@g朱维嘉译 |
| 210 | @a北京@c科学出版社@d1982 | |
| 215 | @a185页@d19cm | |
| 606 | @a对称 | |
| 606 | @a轨道 | |
| 606 | @a光谱 | |
| 690 | @aO641.1@v3 | |
| 701 | 1 | @a奥钦@Aao qin@bM.@4著 |
| 701 | 1 | @a雅费@Aya fei@bH.H.@4著 |
| 701 | A1 | @aJaffe@bH.H.@4著 |
| 701 | A1 | @aOrchin@bM.@4著 |
| 702 | 0 | @a朱维嘉@Azhu wei jia@4译 |
| 801 | 2 | @aCN@bNLC@c20060727 |
| 801 | 0 | @aCN@b上海图书馆@c20040521 |
| 905 | @f1@b80262@dO641.1@e2 | |
| 对称性、轨道和光谱:补编/( )奥钦(Orchin,M.), 雅费(Jaffe,H.H.)著/朱维嘉译.-北京:科学出版社,1982 |
| 185页;19cm |
| ISBN :CNY0.95 |
| ● |
| 相关链接 |
|
|
|
|
正题名:对称性、轨道和光谱
索取号:O641.1/2
 
预约/预借
| 序号 | 登录号 | 条形码 | 馆藏地/架位号 | 状态 | 备注 |
| 1 | 0080262 | 000347100 | 第三借阅区/ [索取号:O641.1/2] | 在馆 | |
| 2 | 0080263 | 202105505 | 第二样本阅览室/ [索取号:O641.1/2] | 在馆 | |
| 3 | 0433794 | 204337949 | 密集书库/ [索取号:O641.1/2] | 在馆 | |
| 4 | 0433795 | 204337958 | 密集书库/ [索取号:O641.1/2] | 在馆 | |
| 5 | 0433796 | 204337967 | 密集书库/ [索取号:O641.1/2] | 在馆 |